000
00299nam a22001337a 4500
003
SGT
082
_a
617.643
_b
P66S
100
_a
Salzmann, J. A.
245
_a
Practice of Orthodontics
260
_b
J. B. Lippincott CO.
_c
1966
300
_a
555-1074
650
_a
Orthodontics
942
_2
ddc
_c
RARE
999
_c
33253
_d
33253